<?xml version="1.0" encoding="UTF-8"?>
<record
    xmlns:xsi="http://www.w3.org/2001/XMLSchema-instance"
    xsi:schemaLocation="http://www.loc.gov/MARC21/slim http://www.loc.gov/standards/marcxml/schema/MARC21slim.xsd"
    xmlns="http://www.loc.gov/MARC21/slim">

  <leader>00458nam a2200193   4500</leader>
  <controlfield tag="003">.</controlfield>
  <controlfield tag="005">20260105113331.0</controlfield>
  <controlfield tag="008">.</controlfield>
  <datafield tag="020" ind1=" " ind2=" ">
    <subfield code="a">9781292469720</subfield>
  </datafield>
  <datafield tag="040" ind1=" " ind2=" ">
    <subfield code="c">.</subfield>
  </datafield>
  <datafield tag="082" ind1=" " ind2=" ">
    <subfield code="a">624.171&#x202F;&#x202F;&#x202F;H628s&#x202F;&#x202F;&#x202F;2024</subfield>
  </datafield>
  <datafield tag="100" ind1=" " ind2=" ">
    <subfield code="a">R. C. Hibbeler&#xA0;</subfield>
  </datafield>
  <datafield tag="245" ind1=" " ind2=" ">
    <subfield code="a">Structural analysis:</subfield>
    <subfield code="b">/</subfield>
    <subfield code="c">R. C. Hibbeler&#xA0;</subfield>
  </datafield>
  <datafield tag="250" ind1=" " ind2=" ">
    <subfield code="a">12 ed</subfield>
  </datafield>
  <datafield tag="260" ind1=" " ind2=" ">
    <subfield code="b">Harlow; Pearson,&#xA0;2024</subfield>
  </datafield>
  <datafield tag="300" ind1=" " ind2=" ">
    <subfield code="a"> 756 p</subfield>
    <subfield code="c">24 cm </subfield>
  </datafield>
  <datafield tag="650" ind1=" " ind2=" ">
    <subfield code="z">structural analysis</subfield>
  </datafield>
  <datafield tag="942" ind1=" " ind2=" ">
    <subfield code="2">ddc</subfield>
    <subfield code="c">BK-EN</subfield>
    <subfield code="n">0</subfield>
  </datafield>
  <datafield tag="999" ind1=" " ind2=" ">
    <subfield code="c">7855</subfield>
    <subfield code="d">7855</subfield>
  </datafield>
  <datafield tag="952" ind1=" " ind2=" ">
    <subfield code="0">0</subfield>
    <subfield code="1">0</subfield>
    <subfield code="2">ddc</subfield>
    <subfield code="4">0</subfield>
    <subfield code="7">0</subfield>
    <subfield code="a">KHOBAR</subfield>
    <subfield code="b">KHOBAR</subfield>
    <subfield code="d">2025-07-27</subfield>
    <subfield code="l">0</subfield>
    <subfield code="o">624.171&#x202F;&#x202F;&#x202F;H628s&#x202F;&#x202F;&#x202F;2024</subfield>
    <subfield code="p">1000000034985</subfield>
    <subfield code="r">2025-07-27 15:42:39</subfield>
    <subfield code="w">2025-07-27</subfield>
    <subfield code="y">BK-EN</subfield>
  </datafield>
  <datafield tag="952" ind1=" " ind2=" ">
    <subfield code="0">0</subfield>
    <subfield code="1">0</subfield>
    <subfield code="2">ddc</subfield>
    <subfield code="4">0</subfield>
    <subfield code="7">0</subfield>
    <subfield code="a">KHOBAR</subfield>
    <subfield code="b">KHOBAR</subfield>
    <subfield code="d">2025-07-27</subfield>
    <subfield code="l">0</subfield>
    <subfield code="o">624.171&#x202F;&#x202F;&#x202F;H628s&#x202F;&#x202F;&#x202F;2024</subfield>
    <subfield code="p">1000000034986</subfield>
    <subfield code="r">2025-07-27 15:42:00</subfield>
    <subfield code="w">2025-07-27</subfield>
    <subfield code="y">BK-EN</subfield>
  </datafield>
</record>
